000 00438nam a22001697a 4500
003 MACL
005 20151223125716.0
008 151223b xxu||||| |||| 00| 0 eng d
040 _cMACL
041 _aEnglish
082 _a900/SHO
100 _aShowren Tana
_922315
245 _aTnhe NYISHI Of Arunachal Pradesh An Ethnohistorical Study
260 _aDelhi
_bRegency Publications
_c2009
650 _aHistory
_922316
942 _2ddc
_cBK
999 _c51607
_d51607